000 00277nam a2200109Ia 4500
005 20251222144834.0
008 251222s9999||||xx |||||||||||||| ||spa||
082 _a730.944/G78
245 0 _aRoseline Granet
264 _bMusée d'Art et Historie de la Ville Meudon
942 _cLIB
999 _c20955
_d20955